000 00994cam a2200289 i 4500
001 1348188290
003 OSt
005 20250516103443.0
008 221019s2023 si a ob 000 0 eng d
020 _z9789811959073 (hardcover)
024 7 _cUSD 54.00
040 _aGW5XE
_beng
_erda
_epn
_cGW5XE
_dNUST
050 4 _aQC311.2 XU
100 1 _aXu, Liu-Jun
_eAuthor
245 1 0 _aTransformation thermotics and extended theories :
_binside and outside metamaterials /
_cLiu-Jun Xu, Ji-Ping Huang
260 _aSingapore;
_bSpringer,
_c©2023
300 _ax, 344 pages :
_billustrations ;
_c24 cm.
336 _atext
_btxt
_2rdacontent
337 _acomputer
_bc
_2rdamedia
338 _aonline resource
_bcr
_2rdacarrier
504 _aIncludes bibliographical references
650 0 _xThermodynamics.
650 0 _xMetamaterials --- Thermal properties.
650 0 _xThermoelectric material
700 1 _aHuang, Ji-Ping,
_eAuthor
942 _2lcc
_cBOOKS
_hQC311.2 XU
_kQC
_mXU
_n0
999 _c171781
_d171781